| 000 | 00777nam a22002657i 4500 | ||
|---|---|---|---|
| 003 | DO-SdBNP | ||
| 005 | 20250812104456.0 | ||
| 007 | ta | ||
| 008 | 250812s2025 dr 000 0 spa d | ||
| 020 | _a9789945948363 | ||
| 040 |
_aDO-SdBNP _bspa _cBNPHU _erda |
||
| 041 | _asp | ||
| 082 |
_axxx _bV645t _222 |
||
| 100 | 1 |
_aVictoria, Cheryl _eautor _988479 |
|
| 245 | 1 | 3 |
_aDe tacos a botas : _bcomo lo logré contra todo pronóstico / _cCheryl Victoria |
| 250 | _aPrimera edición | ||
| 264 |
_aSanto Domingo : _b[Editora desconocida], _c©2025 |
||
| 300 |
_a191 páginas ; _c24 cm. |
||
| 336 |
_ardacontent _btexto _2txt |
||
| 337 |
_ardamedia _bsin mediación _2n |
||
| 338 |
_ardacarrier _bvolumen _2nc |
||
| 590 | _aInventariado,2025/DG | ||
| 910 | _aDG | ||
| 942 |
_2ddc _cLBS1 |
||
| 999 |
_c59762 _d59762 |
||